Holokauszt Magyarországon és a környező országokban [absztrakt] /

Elmentve itt :
Bibliográfiai részletek
Szerző: Karsai László
Testületi szerző: A magyar holokauszt 80 év távlatából : jogfosztás - deportálás - emlékezés
Dokumentumtípus: Könyv része
Megjelent: Magyar Történelmi Társulat Szegedi és Dél-alföldi Csoportja; Szegedi Tudományegyetem ÁJTK Politológiai Tanszék Szeged 2024
Sorozat:A magyar holokauszt 80 év távlatából : jogfosztás - deportálás - emlékezés
Kulcsszavak:Zsidóüldözés - Magyarország - 1938-1945 - előadáskivonat, Zsidók története - Magyarország - előadáskivonat
Tárgyszavak:
Online Access:http://acta.bibl.u-szeged.hu/85381
LEADER 01140naa a2200217 i 4500
001 acta85381
005 20240902133504.0
008 240902s2024 hu o 100 hun d
020 |a 978-963-9223-25-7 
040 |a SZTE Egyetemi Kiadványok Repozitórium  |b hun 
041 |a hun 
100 1 |a Karsai László 
245 1 0 |a Holokauszt Magyarországon és a környező országokban   |h [elektronikus dokumentum] :  |b [absztrakt] /  |c  Karsai László 
260 |a Magyar Történelmi Társulat Szegedi és Dél-alföldi Csoportja; Szegedi Tudományegyetem ÁJTK Politológiai Tanszék  |b Szeged  |c 2024 
300 |a 10 
490 0 |a A magyar holokauszt 80 év távlatából : jogfosztás - deportálás - emlékezés 
650 4 |a Bölcsészettudományok 
650 4 |a Történettudomány és régészet 
695 |a Zsidóüldözés - Magyarország - 1938-1945 - előadáskivonat, Zsidók története - Magyarország - előadáskivonat 
711 |a A magyar holokauszt 80 év távlatából : jogfosztás - deportálás - emlékezés  |c Szeged  |d 2024. június 6-7. 
856 4 0 |u http://acta.bibl.u-szeged.hu/85381/1/holokauszt_80_2024_010.pdf  |z Dokumentum-elérés